Uns gehört die Welt! Macht und Machenschaften der Multis
Salvato in:
| Autore principale: | |
|---|---|
| Natura: | Libro |
| Lingua: | tedesco |
| Pubblicazione: |
München
Carl Hanser Verlag
2008
|
| Soggetti: | |
| Tags: |
Nessun Tag, puoi essere il primo ad aggiungerne!!
|
MARC
| LEADER | 00000nam$a2200000$$$4500 | ||
|---|---|---|---|
| 001 | 0115346 | ||
| 005 | 20240314090455.7 | ||
| 020 | |a 978-3-446-23100-9 | ||
| 041 | 0 | |a ger | |
| 044 | |a DE | ||
| 245 | 1 | 0 | |a Uns gehört die Welt! |b Macht und Machenschaften der Multis |
| 264 | 1 | |a München |b Carl Hanser Verlag |c 2008 | |
| 300 | |a 277 s. | ||
| 610 | 2 | 0 | |a globalizácia |
| 610 | 2 | 0 | |a koncerny |
| 610 | 2 | 0 | |a zisk |
| 610 | 2 | 0 | |a krajiny rozvojové |
| 610 | 2 | 0 | |a zamestnávatelia |
| 610 | 2 | 0 | |a odmeňovanie |
| 610 | 2 | 0 | |a obchod šedý |
| 610 | 2 | 0 | |a peniaze |
| 610 | 2 | 0 | |a rozdeľovanie zisku |
| 610 | 2 | 0 | |a moc politická |
| 610 | 2 | 0 | |a znečistenie prostredia životného |
| 610 | 2 | 0 | |a problémy spoločenské |
| 100 | 1 | |a Werner-Lobo, Klaus | |